000 004660000a22001810004500
003 MACL
005 20160101123916.0
008 160101b xxu||||| |||| 00| 0 eng d
040 _aMACL
_cMACL
041 _aEnglish
082 _a346.05/PUL
100 _aPuliani, Ravi
_926267
245 _aCompanies Act with Referencer & Checklist
260 _bBharat Law House P Ltd
_c1988
_aNew Delhi
350 _a50
650 _aLaw
_926268
942 _cBK
_k346.066/PUL
_2ddc
999 _c34439
_d34439